Direito Material e Processual do Trabalho na perspectiva dos Direitos Humanos

Detalles Bibliográficos
Autor principal: Bezerra Leite, Carlos Henrique
Otros Autores: Salino, Vitor
Formato: eBook
Lenguaje:portugués
Publicado: San Pablo: LTR Editora, 2014
Materias:
Acceso en línea:Acceso restringido

MARC

LEADER 00000nam a22000007a 4500
005 20140522202417.0
007 cr|||| ||||
008 140522s2014 br |||||s|||| 00||0 por d
020 |a 978-85-361-2848-1 
035 |a 12132 
040 |a vLex 
090 |c 4934  |d 4934 
100 1 |a Bezerra Leite, Carlos Henrique 
245 1 0 |a Direito Material e Processual do Trabalho na perspectiva dos Direitos Humanos  |h [Recurso electrn̤ico] /  |c Carlos Henrique Bezerra Leite, Vitor Salino 
256 |a Servicio en ln̕ea 
260 |a San Pablo:  |b LTR Editora,  |c 2014 
300 |a 1 recurso electrn̤ico 
506 1 |a Disponible solo en los productos indicados  |d vLex Global  |d vLex Global (Academic Edition, excluding Law Schools)  |d vLex Global (U.S. Academic Edition, Law Schools)  |d vLex Global (U.S. Academic Edition, excluding Law Schools)  |d vLex Global (Academic Edition, Law Schools) 
650 0 4 |a Derecho Laboral y Seguridad Social  |z Brasil 
650 0 4 |a Derecho Procesal  |z Brasil 
650 0 4 |a Derechos y Deberes fundamentales  |z Brasil 
700 1 |a Salino, Vitor 
740 0 |a vLex Libros (Servicio en ln̕ea) 
856 4 0 |u http://vlex.com/source/direito-material-processual-do-trabalho-12132  |z Acceso restringido 
942 |c BOOK 
999 0 |a Employment and Social Security 
999 0 |a Litigation  
999 0 |a Fundamental Rights and Duties